LDR 00976naa#a2200181#i#450# 001 RU\\bibl\20177 005 20260703060442.5 100 ## _a20260630b2026####ek#y0rusy0150####ca 102 ## _aRU 200 1# _aПЕРСПЕКТИВЫ РАЗВИТИЯ ИНТЕЛЛЕКТУАЛЬНОЙ СИСТЕМЫ АДАПТИВНОГО ИНТЕРВАЛЬНОГО ПОВТОРЕНИЯ ДЛЯ ПОДГОТОВКИ СТУДЕНТОВ К ЭКЗАМЕНАМ _eСтатья/тезисы конференции 210 1# _aВоронеж _cВоронежский государственный лесотехнический университет имени Г.Ф. Морозова _d2026 215 ## _a4 с. 608 ## _aСтатья/тезисы конференции _2local 675 ## _aПрограммные средства. 004.4 _z 700 #1 _aЗольников _gВладимир Константинович 700 #1 _aИванов _gВ. К. 700 #1 _aАвилова _gО. А. 856 4# _abibl.vgltu.ru _u